Liv Tyler Filmography - Statistics

General Stats
  • This quiz has been taken 33 times
    7 since last reset
  • The average score is 27 of 65
Answer Stats
Type Year Name % Correct
Film 1998 Armageddon
100%
Film 2025 Captain America: Brave New World
100%
Film 2008 The Incredible Hulk
100%
Video Game 2008 The Incredible Hulk
100%
Film 2008 The Strangers
100%
TV Show 2020 9-1-1: Lone Star
67%
Film 2019 Ad Astra
67%
Music Video 1993 Amazing
67%
Film 1999 Cookie's Fortune
67%
Music Video 1994 Crazy
67%
Film 2000 Dr. T & the Women
67%
Film 1995 Empire Records
67%
TV Mini-Series 2017 Gunpowder
67%
TV Show 2018-2019 Harlots
67%
Film 1995 Heavy
67%
Film 1997 Inventing the Abbotts
67%
Film 2014 Jamie Marks Is Dead
67%
Film 2004 Jersey Girl
67%
Film 2005 Lonesome Jim
67%
Film 1999 Onegin
67%
Film 2001 One Night at McCool's
67%
Film 1999 Plunkett & Macleane
67%
Film 2007 Reign Over Me
67%
Film 2012 Robot & Frank
67%
Film 1994 Silent Fall
67%
Film 2008 Smother
67%
Film 2014 Space Station 76
67%
Film 1996 Stealing Beauty
67%
Film 2010 Super
67%
Film 1996 That Thing You Do!
67%
Film 2011 The Ledge
67%
TV Show 2014-2017 The Leftovers
67%
Film 2001 The Lord of the Rings: The Fellowship of the Ring
67%
Film 2003 The Lord of the Rings: The Return of the King
67%
Film 2002 The Lord of the Rings: The Two Towers
67%
Film 1997 U Turn
67%
Film 2018 Wildling
67%
Short Film 2017 Falling Up
33%
Music Video 1998 I Don't Want to Miss a Thing
33%
TV Documentary 2001 A Passage to Middle-earth: The Making of 'Lord of the Rings'
0%
TV Short 2013 A Short Film About Kissing
0%
Commercial 1994 Bongo Jeans
0%
Commercial 2008 Brain Age 2
0%
Music Video 1991 Cowboys & Angels
0%
Documentary Series 2003, 2007 E! True Hollywood Story
0%
Short Documentary 1998 Franky Goes to Hollywood
0%
TV Special 2007 Happy Birthday Elton! From Madison Square Garden, New York
0%
Commercial 2010 Irrésistible - Givenchy
0%
TV Special 2003 Lighting Up Fifth
0%
Documentary 2013 Mademoiselle C
0%
Music Video 2024 Message from Mother Earth
0%
Documentary Series 2001 National Geographic Explorer
0%
Commercial 1996 Pantene Pro-V Shampoo
0%
TV Show 2013 Project Runway All Stars
0%
Short TV Documentary 2001 Quest for the Ring
0%
TV Documentary 2002 Return to Middle-Earth
0%
Documentary 2005 Ringers: Lord of the Fans
0%
Music Video 1994 Rocket Boys
0%
Commercial 2004 SBC Internet
0%
Documentary Series 2000, 2005 The Greatest
0%
TV Show 2009 The Rachel Zoe Project
0%
TV Show 2001, 2003, 2004 Total Request Live
0%
Commercial 2002 UFJ VISA Card
0%
Commercial 2001 VISA Card
0%
Documentary Series 2017 Who Do You Think You Are?
0%
No matching quizzes found
Score Distribution
Percent of People with Each Score
Percentile by Number Answered
Your Score History
You have not taken this quiz since the last reset